000 00454nam a2200181Ia 4500
001 8165
005 20260306160549.0
008 260306t1998||||xx |||||||||||||| ||spa||
041 _aESP
082 _a370.115
_bE25
100 _aMcLauchlan de Arregui, Patricia
_eAUT
245 0 _aEducación ciudadana, democracia y participación
260 _c1998
300 _a345 páginas :
_ccm.
650 _aGEN
654 _aCED
942 _cLIB
_dJUS
_fJUS
_2ddc
_n
999 _c8165
_d8165